| 000 | 00957am a2200325a 44500 | ||
|---|---|---|---|
| 003 | AR-BaBNM | ||
| 005 | 20251128205234.0 | ||
| 008 | 087019s1972 #AR|||||||||||000 | esp|| | ||
| 040 | _cAR-BaBNM | ||
| 100 | 1 | _aTusquets, Juan | |
| 245 | 1 | 0 | _aPráctica de la educación |
| 260 |
_aMadrid _bMagisterio Español _c1972 |
||
| 300 | _a373 p. | ||
| 490 | 0 | _aBiblioteca de ciencias de la educación. Sistemática | |
| 500 | _aContiene índice analítico | ||
| 504 | _aBibliografía: p. 357-366 | ||
| 650 | 4 | _aDERECHO A LA EDUCACION | |
| 650 | 4 | _aIGLESIA Y EDUCACION | |
| 650 | 4 | _aESTADO Y EDUCACION | |
| 650 | 4 | _aDISCIPLINA | |
| 650 | 4 | _aTEORIAS DE LA EDUCACION | |
| 650 | 4 | _aDESARROLLO DEL NIÑO | |
| 650 | 4 | _aEDUCACION RELIGIOSA | |
| 653 | _aINSTITUCIONES EDUCATIVAS | ||
| 653 | _aINVESTIGACION EDUCATIVA | ||
| 700 | 1 |
_aGarcía Garrido, José Luis _eprologuista |
|
| 800 | 1 |
_aRedondo, Emilio _edirector |
|
| 942 | _cBK | ||
| 998 | _cSILVI | ||
| 999 |
_c10546 _d10546 |
||